Liga spravedlnosti. Ztracená spravedlnost /

Hlavní autor: Priest, Christopher J. 1961-
Další autoři: Woods, Pete, Churchill, Ian, 1969-, Briones, Philippe, 1970-, Plata, Ľudovít, 1978-
Jazyk: Čeština
Vydáno: Praha : Crew, 2021
Vydání: První vydání
Témata:
Fyzický popis: 128 nečíslovaných stran : barevné ilustrace ; 26 cm
Knihy
Uloženo v:
LEADER 01847nam a2200481 i 4500
001 nkc20213305085
003 CZ PrNK
005 20210716111843.0
007 ta
008 210419s2021 xr a g 6 000 1 cze
015 |a cnb003305085 
020 |a 978-80-7449-990-6  |q (brožováno) :  |c Kč 299,00 
035 |a (OCoLC)1263272573 
040 |a ABG001  |b cze  |d BOA001  |e rda 
041 1 |a cze  |h eng 
072 7 |a 741.52  |x Komiksy. Komiksové adaptace  |2 Konspekt  |9 21 
080 |a 741.52(0:82-322.9)  |2 MRF 
100 1 |a Priest, Christopher J.  |q (Christopher James),  |d 1961-  |7 xx0213247  |4 aut 
240 1 0 |a Justice lost.  |l Česky 
245 1 0 |a Liga spravedlnosti.  |p Ztracená spravedlnost /  |c Christopher Priest - scénář ; Pete Woods, Ian Churchill, Philippe Briones - kresba ; překlad: Ľudovít Plata 
246 3 0 |a Ztracená spravedlnost 
250 |a První vydání 
264 1 |a Praha :  |b Crew,  |c 2021 
300 |a 128 nečíslovaných stran :  |b barevné ilustrace ;  |c 26 cm 
336 |a text  |b txt  |2 rdacontent 
336 |a statický obraz  |b sti  |2 rdacontent 
337 |a bez média  |b n  |2 rdamedia 
338 |a svazek  |b nc  |2 rdacarrier 
500 |a Přeloženo z angličtiny 
500 |a Na obálce uvedeno původní nakladatelství: DC 
500 |a V tiráži označení: kniha sedmá 
655 7 |a superhrdinské komiksy  |7 fd1057488  |2 czenas 
655 9 |a superhero comics  |2 eczenas 
700 1 |a Woods, Pete  |7 xx0252503  |4 ill 
700 1 |a Churchill, Ian,  |d 1969-  |7 xx0232386  |4 ill 
700 1 |a Briones, Philippe,  |d 1970-  |7 xx0230555  |4 ill 
700 1 |a Plata, Ľudovít,  |d 1978-  |7 xx0078537  |4 trl 
765 1 |t Justice League  |9 Česky 
910 2 |a BOA001  |b 3-1408.890,7 
990 |a BK 
995 |a 01 
991 |b 202105  |c NOV 
996 6 |b 2610865131  |c 3-1408.890,7  |l MZK  |r Sklad / do 1 hodiny  |n 0  |p p.v.  |w 001851471  |u 000010  |a 1  |e BOA001  |j MZK50  |s P